000 00571nam a2200169Ia 4500
008 090201s9999 xx 000 0 und d
010 _aKPL-34387
040 _bमराठी
041 _aमराठी
082 _a14968
_b34387
100 _aराजेंद्र मंत्री
245 _aस्वप्न सुंदरी
_cराजेंद्र मंत्री
260 _c2004
_bइंद्रायणी साहीत्य
300 _a199
_bमोठा
600 _aस्वप्न सुंदरी
942 _cBOOK
999 _c215110
_d215110